| 000 | 00832nam a22002057a 4500 | ||
|---|---|---|---|
| 999 |
_c6300 _d6300 |
||
| 001 | 10207 | ||
| 003 | BD-DhUAP | ||
| 005 | 20201228155555.0 | ||
| 008 | 201228s2007 bg ||||| |||| 001 0 eng d | ||
| 020 | _a9840802194 | ||
| 040 |
_aBD-DhUAP _bEng _cBD-DhUAP _dBD-DhUAP |
||
| 082 |
_223 _a385.09 KAB |
||
| 100 | _aকবির, দিনাক সোহানী। | ||
| 245 |
_aপূর্ববাংলার রেলওয়ের ইতিহাস : _b১৮৬২-১৯৪৭ / _cদিনাক সোহানী কবির। |
||
| 260 |
_aঢাকা : _bএকাডেমিক প্রেস, _c২০০৭। |
||
| 300 |
_a১৩, ৩৪৬ পৃষ্ঠা ; _c২২ সেমি.। |
||
| 500 | _aনির্ঘণ্ট সম্বলিত। | ||
| 650 |
_aRailroads _zIndia--Bengal. |
||
| 942 |
_2ddc _cBK |
||